| 000 | 00857nam a2200253 a 4500 | ||
|---|---|---|---|
| 008 | |||
| 020 | _a0750644443 (pbk.) | ||
| 049 | _aMAIN | ||
| 090 |
_aTP155 _bCOU |
||
| 100 | _aCoulson, J.M. | ||
| 245 | 0 |
_aCoulson and Richardson's chemical engineering _nvol. 1 : _bfluid flow, heat transfer and mass transfer / _cJ. M. Coulson and J. F. Richardson ; with J. R. Backhurst and J. H. Harker. |
|
| 250 | _a6th ed. | ||
| 260 |
_aOxford : _bButterworth-Heinemann, _c1999. |
||
| 300 |
_axxvi, 895 p. : _bill. ; _c25 cm. |
||
| 500 | _aIncludes index. | ||
| 650 | _aChemical engineering. | ||
| 700 | _aRichardson, J. F. | ||
| 740 | _aFluid flow, heat transfer and mass transfer. | ||
| 907 |
_a.b10092080 _b18-11-14 _c18-11-03 |
||
| 003 | |||
| 005 | 20230123133918.0 | ||
| 040 | _cNUST | ||
| 942 |
_cBOOKS _kTP155 _mCOU |
||
| 999 |
_c156763 _d156763 |
||